Statistics for American Pro Sports Teams - One Minute

Click here to take the quiz!

General Stats

  • This quiz has been taken 24 times
  • The average score is 27 of 122

Answer Stats

Answer% Correct
New York Giants
73%
San Francisco Giants
73%
Arizona Cardinals
67%
St Louis Cardinals
67%
Cincinnati Reds
60%
Boston Red Sox
53%
New England Patriots
53%
New York Jets
53%
Dallas Cowboys
47%
Detroit Lions
47%
Los Angeles Rams
47%
Philadelphia Eagles
47%
Texas Rangers
47%
Chicago Bears
40%
Green Bay Packers
40%
Houston Texans
40%
Indianapolis Colts
40%
Jacksonville Jaguars
40%
New Orleans Saints
40%
New York Yankees
40%
Seattle Seahawks
40%
Washington Redskins
40%
Atlanta Falcons
33%
Buffalo Bills
33%
Chicago Bulls
33%
Dallas Mavericks
33%
Kansas City Chiefs
33%
Los Angeles Dodgers
33%
Miami Dolphins
33%
New York Mets
33%
Oakland Athletics
33%
Oakland Raiders
33%
Philadelphia Phillies
33%
San Francisco 49ers
33%
Tampa Bay Rays
33%
Tennessee Titans
33%
Toronto Blue Jays
33%
Baltimore Orioles
27%
Brooklyn Nets
27%
Carolina Panthers
27%
Chicago White Sox
27%
Cincinnati Bengals
27%
Cleveland Browns
27%
Colorado Avalanche
27%
Dallas Stars
27%
Detroit Tigers
27%
Florida Panthers
27%
Houston Astros
27%
Los Angeles Chargers
27%
Los Angeles Kings
27%
Minnesota Twins
27%
Minnesota Vikings
27%
Minnesota Wild
27%
Pittsburgh Pirates
27%
Sacramento Kings
27%
Baltimore Ravens
20%
Boston Bruins
20%
Chicago Blackhawks
20%
Chicago Cubs
20%
Golden State Warriors
20%
Los Angeles Angels
20%
Miami Heat
20%
Philadelphia 76ers
20%
Pittsburgh Steelers
20%
Tampa Bay Buccaneers
20%
Washington Nationals
20%
Anaheim Ducks
13%
Arizona Coyotes
13%
Arizona Diamondbacks
13%
Atlanta Braves
13%
Boston Celtics
13%
Buffalo Sabres
13%
Calgary Flames
13%
Charlotte Hornets
13%
Cleveland Cavaliers
13%
Cleveland Indians
13%
Colorado Rockies
13%
Denver Nuggets
13%
Detroit Red Wings
13%
Los Angeles Clippers
13%
Milwaukee Brewers
13%
Milwaukee Bucks
13%
New Orleans Pelicans
13%
Orlando Magic
13%
Seattle Mariners
13%
Utah Jazz
13%
Carolina Hurricanes
7%
Columbus Blue Jackets
7%
Denver Broncos
7%
Detroit Pistons
7%
Indiana Pacers
7%
Kansas City Royals
7%
Los Angeles Lakers
7%
Memphis Grizzlies
7%
Miami Marlins
7%
Minnesota Timberwolves
7%
Montreal Canadiens
7%
Nashville Predators
7%
New York Knicks
7%
Oklahoma City Thunder
7%
San Antonio Spurs
7%
San Diego Padres
7%
Toronto Raptors
7%
Atlanta Hawks
0%
Edmonton Oilers
0%
Houston Rockets
0%
New Jersey Devils
0%
New York Islanders
0%
New York Rangers
0%
Ottawa Senators
0%
Philadelphia Flyers
0%
Phoenix Suns
0%
Pittsburgh Penguins
0%
Portland Trail Blazers
0%
San Jose Sharks
0%
St Louis Blues
0%
Tampa Bay Lightning
0%
Toronto Maple Leafs
0%
Vancouver Canucks
0%
Washington Capitals
0%
Washington Wizards
0%
Winnipeg Jets
0%

Score Distribution

Percentile by Number Answered

Percent of People with Each Score

Your Score History

You have not taken this quiz